000 00604nam a2200241Ia 4500
003 OSt
005 20221005122350.0
006 a|||||r|||| 00| 0
007 ta
008 221004b |||||||| |||| 00| 0 tam d
024 _a51937
037 _cTextual
040 _aCRL
_cCRL
_btam
041 _2tam
_atam
082 _aU8.42.N75, 31L5
100 _aChokkalingam
_9631851
245 0 _aJappanilnan kandathum kettathum
260 _c1975
300 _a296p.
_ccm.
650 _aGEOGRAPHY
942 _hU8.42.N75, 31L5
_cTEXL
_2cc
999 _c1044044
_d1044044